| 000 | 00701nam a2200301Ia 4500 | ||
|---|---|---|---|
| 005 | 20260330160952.0 | ||
| 008 | 008 300114s9999 xx 000 0 eng d | ||
| 020 | _a9781259058646 | ||
| 037 | _aEBOOK | ||
| 040 | _aCRL | ||
| 040 | _beng | ||
| 040 | _cCRL | ||
| 041 | _2eng | ||
| 041 | _aeng | ||
| 084 | _qCRL | ||
| 100 | _aNarayanan | ||
| 245 | 0 | _aSafety Health And Environment | |
| 250 | _a1 | ||
| 260 | _bMcgraw Hill | ||
| 260 | _c2015 | ||
| 365 | _aINR | ||
| 365 | _b79800 | ||
| 650 | _aPublic Health | ||
| 856 | _uhttps://resolver.vitalsource.com/9781259058646/?brand=mcgrawhillindia.vitalsource.com | ||
| 942 | _cEBOOK | ||
| 999 |
_c1844494 _d1844494 |
||